000 01736nam0a2200337 4500
001 RU\NLR\bibl\1944181
005 20240726052701.0
020 _aRU
_b20-7870
_9Летопись авторефератов диссертаций
021 _aRU
_b2012-1190а
_9048аа
035 _a(NLR Aleph) 001933426
090 _a3467103
_c3467103
100 _a20120615d2011 u u0rusy50 ca
101 0 _arus
102 _aRU
105 _ay dm |||||
200 1 _aВзаимосвязь учебных дисциплин как средство личностно-профессионального развития будущего учителя
_e(на примере подготовки учителя естественнонаучного профиля)
_eавтореф. дис. на соиск. учен. степ. к. п. н.
_eспециальность 13.00.08 <Теория и методика профессионального образования>
_fЖакупова Гульнара Александровна
_g[Волгогр. гос. социал.-пед. ун-т]
210 _aВолгоград
_d2011
215 _a28 с.
_d21
320 _aБиблиогр.: с. 27-28 (14 назв.)
675 _a378
_v3
_zrus
686 _a14.35
_2rugasnti
686 _a74.58
_2rubbk
686 _a13.00.08
_2oksvnk
700 1 _aЖакупова
_bГ. А.
_gГульнара Александровна
_4070
801 0 _aRU
_bRKP
_c20120615
_gPSBO
801 1 _aRU
_bRKP
_c20120615
801 2 _aRU
_bNLR
_c20120912
_grcr
901 _eАвторефераты
942 _cBOOK
981 1 0 _a(10) Авторефераты